Śrī Buddhadatta. (Record no. 78837)

MARC details
000 -LEADER
fixed length control field 00766cam a22002531 4500
001 - CONTROL NUMBER
control field sa 68002576
003 - CONTROL NUMBER IDENTIFIER
control field DLC
005 - DATE AND TIME OF LATEST TRANSACTION
control field 20260227112444.0
008 - FIXED-LENGTH DATA ELEMENTS--GENERAL INFORMATION
fixed length control field 910917s1965 ce ach b 000 0 sino
010 ## - LIBRARY OF CONGRESS CONTROL NUMBER
LC control number sa 68002576
035 ## - SYSTEM CONTROL NUMBER
System control number (OCoLC)24398438
040 ## - CATALOGING SOURCE
Original cataloging agency DLC
Transcribing agency WaU
Modifying agency DLC
041 0# - LANGUAGE CODE
Language code of text/sound track or separate title snheng
042 ## - AUTHENTICATION CODE
Authentication code premarc
050 00 - LIBRARY OF CONGRESS CALL NUMBER
Classification number PK1009.B8
Item number S7
245 00 - TITLE STATEMENT
Title Śrī Buddhadatta.
260 ## - PUBLICATION, DISTRIBUTION, ETC.
Date of publication, distribution, etc. [1965]
300 ## - PHYSICAL DESCRIPTION
Extent 364, xxii (i.e. xxiii) p.
Other physical details illus., facsims., ports.
Dimensions 19 cm.
500 ## - GENERAL NOTE
General note English and Sinhalese.
504 ## - BIBLIOGRAPHY, ETC. NOTE
Bibliography, etc. note Bibliographical footnotes.
600 10 - SUBJECT ADDED ENTRY--PERSONAL NAME
Personal name Buddhadatta, A. P.
Fuller form of name (Ambalaṅgoḍa Polvattē),
Dates associated with a name 1887-1962.
700 1# - ADDED ENTRY--PERSONAL NAME
Personal name Buddhadatta, A. P.
Fuller form of name (Ambalaṅgoḍa Polvattē),
Dates associated with a name 1887-1962.
700 2# - ADDED ENTRY--PERSONAL NAME
Personal name Siri Seevali, Bambarande,
Titles and other words associated with a name Thera.

No items available.

Powered by Koha